Watershed development with special reference to soil and water conservation / (Record no. 15071)

000 -LEADER
fixed length control field 00525nam a2200169 a 4500
020 ## - INTERNATIONAL STANDARD BOOK NUMBER
ISBN 9251008590 (pbk.)
040 ## - CATALOGING SOURCE
Transcribing agency DLC
082 00 - DEWEY DECIMAL CLASSIFICATION NUMBER
Classification number 333 FOO 1979 A074 Or.
100 1# - MAIN ENTRY--AUTHOR NAME
Personal name Gil, N.
245 10 - TITLE STATEMENT
Title Watershed development with special reference to soil and water conservation /
260 ## - PUBLICATION, DISTRIBUTION, ETC. (IMPRINT)
Place of publication Rome :
Name of publisher Food and Agriculture Organization of the United Nations,
Year of publication 1979.
300 ## - PHYSICAL DESCRIPTION
Number of Pages x, 257 p. :
Other physical details ill. ;
Dimensions 28 cm.
650 #0 - SUBJECT ADDED ENTRY--TOPICAL TERM
Topical Term Soil conservation.
650 #0 - SUBJECT ADDED ENTRY--TOPICAL TERM
Topical Term Watershed management.
650 #0 - SUBJECT ADDED ENTRY--TOPICAL TERM
Topical Term Water conservation.
942 ## - ADDED ENTRY ELEMENTS (KOHA)
Koha item type សៀវភៅភាសាអង់គ្លេស
952 ## - LOCATION AND ITEM INFORMATION (KOHA)
Withdrawn status [LOCAL, KOHA] 0
Holdings
Permanent Location Date acquired Koha item type Lost status Shelving location Barcode Current Location Full call number
Library Block A2017-11-02សៀវភៅភាសាអង់គ្លេស A074A07610Library Block A333 FOO 1979 A074 Or.
មជ្ឈមណ្ឌលឯការនៃសាកលវិទ្យាល័យភូមិន្ទកសិកម្មចំការដូង

Powered by Koha